000 00259nam a22001217a 4500
008 170824b xxu||||| |||| 00| 0 eng d
041 _aeng
080 _a51
100 _a38
101 _aMAT
245 _aSOLID GEOMETRY
_cPORTER.SH..SH
942 _2udc
_cBK
999 _c24835
_d24835